Random Filipino to English Words #9 - Statistics

General Stats
  • This quiz has been taken 20 times
  • The average score is 13 of 15
Answer Stats
Filipino English % Correct
Langgam Ant
100%
Bangka Boat
100%
Kahon Box
100%
Pato Duck
100%
Itlog Egg
100%
Lumutang Float
100%
Daga Rat
100%
Paaralan School
100%
Estudyante Student
100%
Maglakbay Travel
100%
Ilog River
92%
Mahirap Hard
85%
Bagyo Storm
85%
Tanda Mark
62%
Buhos Roof
8%
No matching quizzes found
Score Distribution
Percent of People with Each Score
Percentile by Number Answered
Your Score History
You have not taken this quiz